LEADER 01436nam a2200265 i 4500 001 000000255023 003 CaOOAMICUS 005 20200526091640.0 008 170719s1724 it u000 u ita u 013 $a233928 026 $as-s- g-te ilum grni (3) 1724 (A) 040 $aSeMil$bita 110 2 $aConfraternita di Santa Liberata .$0(OLS)http://semarc/name/94408 245 10$aAvendo determinato li Sig.ri Priore, e Confratelli della Vener. Scuola di S. Liberata eretta sotto il titolo dell'Umiltà nella Chiesa di S. Leonardo in Porta Vercellina di Milano, .. 260 $a(In Milano :$bNella Stampa di Pietro Francesco Nava),$c1724. 300 $a14 p., [1] carta di tav. :$bantip. calcogr. ;$c8°. 500 $aNell'antip. ritratto di S. Liberata con stemma della Diocesi di Milano. 500 $aTit. dell'intitolazione 500 $aData dell'imprimatur 700 1 $aNava, Pietro Francesco,$c.$0(OLS)http://semarc/name/82751 850 $aSeMil 852 $aSeMil$W1$xVenegono$y1$m3Z I 2/8 FA$j205369$B205369$CSeMilBibl$Z2$F218743 $8I 996 $6245$aAvendo determinato li Sig.ri Priore, e Confratelli della Vener. Scuola di S. Liberata eretta sotto il titolo dell'Umiltà nella Chiesa di S. Leonardo in Porta Vercellina di Milano, ..$9(OLS)http://semarc/title/411379 996 $6260$a(In Milano :$bNella Stampa di Pietro Francesco Nava)$9(OLS)http://semarc/publisher/57553 LEADER 01234nam a2200265 i 4500 001 000000179252 003 CaOOAMICUS 005 20250828095822.0 008 090507s1982 xxk u000 u mul u 040 $aSeMil$bita 100 1 $aHesiodus,$d.$0(OLS)http://semarc/name/12098 245 14$aThe Homeric hymns and Homerica /$cHesiod ; with an english translation by Hung G. Evelyn-White. 264 1$aCambridge, Massachusetts :$bHarvard University Press ;$aLondon :$bHeinemann,$c1982. 300 $aXLVIII, 655 p. ;$c17 cm. 490 1 $aThe Loeb Classical Library ;$v57 546 $aTesto in inglese e greco 700 1 $aEvelyn-White, Hugh Gerard,$d<1884-1924>.$0(OLS)http://semarc/name/9467 830 4$aThe Loeb Classical Library ;$v57.$0(OLS)http://semarc/title/26868 850 $aSeMil 852 $aSeMil$W1$xVenegono$y1$m1Y I 52$j260979$B130017$CSeMilBibl$Z2$F141526 $81 961 $aOmaggio: Villa don Cesare 996 $6245$aThe Homeric hymns and Homerica$9(OLS)http://semarc/title/257397 996 $6264$aCambridge, Massachusetts :$bHarvard University Press$9(OLS)http://semarc/publisher/30206 996 $6264$aLondon :$bHeinemann$9(OLS)http://semarc/publisher/58753